| 000 | 00430nam a22001697a 4500 | ||
|---|---|---|---|
| 005 | 20160616113947.0 | ||
| 008 | 160616b xxu||||| |||| 00| 0 eng d | ||
| 020 | _a1-4129-0125-1 | ||
| 041 | _aeng | ||
| 082 | _b7948 | ||
| 100 |
_aBomker, Greg J and others _92082 |
||
| 245 | _aInternational and compartive employment relations | ||
| 260 |
_bSage Publication _c2004 |
||
| 300 | _a356 | ||
| 650 |
_aManagement _9241 |
||
| 942 | _cBK | ||
| 999 |
_c2917 _d2916 |
||